| 000 | 004170000a22001810004500 | ||
|---|---|---|---|
| 003 | LK-CoMWRAF | ||
| 008 | 230817t ||||| |||| 00| 0 eng d | ||
| 020 | _a9559052608 | ||
| 040 |
_aLK-CoMWRAF _dLK-CoMWRAF _eLK-CoMWRAF |
||
| 041 | _aeng | ||
| 082 |
_a355 _bCEN |
||
| 245 |
_aRights within the family _b |
||
| 260 |
_aColombo _bCENWOR _c1999 |
||
| 300 |
_ap. _P20 |
||
| 650 | _alaw | ||
| 650 | _aTamil | ||
| 942 | _cBK | ||
| 999 |
_c2935 _d2935 |
||